| 000 | 00908cam a2200301 4500 | ||
|---|---|---|---|
| 999 |
_c16941 _d16941 |
||
| 001 | 1741115 | ||
| 003 | EG-ScBUE | ||
| 005 | 20210301152609.0 | ||
| 008 | 690916t2007 ksu f 000 d eng d | ||
| 020 | _a1420928929 | ||
| 020 | _a9781420928921 | ||
| 040 |
_aDLC _beng _erda _cDLC _dDLC _dEG-ScBUE |
||
| 082 | 0 | 4 |
_a822.912 _bSHA _222 |
| 100 | 1 |
_aShaw, Bernard, _d1856-1950, _eauthor. _917685 |
|
| 245 | 1 | 0 |
_aMan and Superman / _cby George Bernard Shaw . |
| 264 | 1 |
_aStilwell, KS : _bDigireads. com Publishing, _c[2007] |
|
| 264 | 4 | _cc2007 | |
| 300 |
_a119 pages ; _c22 cm |
||
| 336 |
_2rdacontent _atext _btxt |
||
| 337 |
_2rdamedia _aunmediated _bn |
||
| 338 |
_2rdacarrier _avolume _bnc |
||
| 650 | 7 |
_aEnglish drama _y20th century. _2BUEsh |
|
| 650 | 7 |
_aMan-woman relationships _vDrama. _2BUEsh |
|
| 651 | _2BUEsh | ||
| 653 |
_cAugust2012 _bHHUUEENN |
||
| 655 |
_vReading book _934232 |
||
| 942 |
_2ddc _cBB |
||